Conspectus Brevis Historiae Universalis Aevi Medii, e Qua Semestri Primo Anno 1821 Mense Martio. Claudiopoli In Lyceo Regio Academico

Bibliographic Details
Corporate Author: Lycei Regii (Kluž, Rumunsko) (Printer)
Format: Book
Language:Latin
PhysicalDescription:16 nečíslovaných strán 19 cm
Subjects:

MARC

LEADER 00000nam a2200000 4500
001 vtls012245124
003 SK-MaSNL
005 20260302012342.0
008 231130s1821 rm 0 0n0 lat
015 |a SNBHFA 
040 |a SNKHF  |b slo  |c SNKHF  |e rda 
041 0 |a lat 
044 |a rm  |c RO 
072 7 |a 378  |x Vysoké školy  |2 konspekt 
072 7 |a 93/94  |x Dejiny (všeobecne)  |2 konspekt 
080 |a 351.851  |2 2011 
080 |a 93/94  |2 2011 
130 0 |a Conspectus  |9 345519 
245 1 0 |a Conspectus Brevis Historiae Universalis Aevi Medii, e Qua Semestri Primo Anno 1821 Mense Martio. Claudiopoli In Lyceo Regio Academico 
264 3 |a [Kluž]  |b Typis Lycei Regii  |c 1821 
300 |a 16 nečíslovaných strán  |c 19 cm 
336 |a text  |b txt  |2 rdacontent 
337 |a bez média  |b n  |2 rdamedia 
338 |a zväzok  |b nc  |2 rdacarrier 
501 |a Príväzok 25. k: Tentamen Publicum Logica Practica, Et Historia Philosophiae,... Posonii: Typis Heredum Belnayanorum, MDCCCXXIV.  |5 SNK SD 42723 
650 0 7 |a dejiny  |2 SNKPH  |9 3825 
655 7 |a otázky na skúšky  |2 SNKPH  |9 330801 
710 2 |a Lycei Regii (Kluž, Rumunsko)  |4 prt  |9 330943 
752 |a Rumunsko  |d Kluž 
852 |a Slovenská národná knižnica  |b Historické fondy  |p SD 42723/prív.25 
958 |a DF 
958 |a ONDV 
999 |c 1009213  |d 1011143 
952 |a SNK  |b SNK  |y PREZ  |7 0  |p 17A1487086  |o snkSD 42723/prív.25  |i snkF 1418/73  |8 5  |0 0  |1 0  |4 0  |d 2023-11-30  |l 0  |r 2026-02-24 12:47:18  |w 2026-02-24